[Event "Commonwealth-ch"]
[Site "Mumbai"]
[Date "2003.04.26"]
[Round "9"]
[White "Amit Kumar, Medda"]
[Black "Nadig, Kruttika"]
[Result "1-0"]
[WhiteElo "2271"]
[BlackElo "2149"]
[PlyCount "79"]
[EventDate "2003.04.20"]
[EventType "swiss"]
[EventRounds "10"]
[EventCountry "IND"]
[SourceTitle "CBM 093 Extra"]
[Source "ChessBase"]
[SourceDate "2003.05.09"]
[SourceVersion "1"]
[SourceVersionDate "2003.05.09"]
[SourceQuality "1"]

1. e4 e5 2. Nf3 Nc6 3. d4 exd4 4. Bc4 Nf6 5. e5 d5 6. Bb5 Ne4 7. Nxd4 Bd7 8. Bxc6 bxc6 9. 0-0 Bc5 10. Be3 Bb6 11. f3 Ng5 12. f4 Ne4 13. Nd2 Nxd2 14. Qxd2 c5 15. Nf3 d4 16. Bf2 Bc6 17. Qd3 Qd5 18. b3 0-0 19. c4 Qe4 20. Qd2 Qg6 21. Bg3 f5 22. exf6 Qxf6 23. Ne5 Bb7 24. a4 a6 25. a5 Ba7 26. Nd7 Qf5 27. Nxf8 Rxf8 28. Rae1 Be4 29. Rf2 c6 30. h3 d3 31. Qe3 Re8 32. Rd2 Bb8 33. Rxd3 Bc7 34. Qd2 h6 35. Rde3 Rd8 36. Qe2 Bd3 37. Qf3 Bxa5 38. Rd1 Bc2 39. Rxd8+ Bxd8 40. Re8+ 1-0

[Event "Commonwealth-ch"]
[Site "Mumbai"]
[Date "2003.04.23"]
[Round "5"]
[White "Amit Kumar, Medda"]
[Black "Reefat, Bin Sattar"]
[Result "0-1"]
[WhiteElo "2271"]
[BlackElo "2456"]
[PlyCount "70"]
[EventDate "2003.04.20"]
[EventType "swiss"]
[EventRounds "10"]
[EventCountry "IND"]
[SourceTitle "CBM 093 Extra"]
[Source "ChessBase"]
[SourceDate "2003.05.09"]
[SourceVersion "1"]
[SourceVersionDate "2003.05.09"]
[SourceQuality "1"]

1. b3 e5 2. Bb2 d6 3. e3 Nf6 4. c4 Be7 5. Nc3 0-0 6. Bd3 c6 7. Nf3 Re8 8. Rc1 Bf8 9. Bb1 d5 10. cxd5 cxd5 11. 0-0 Nc6 12. h3 a6 13. Ne2 Bd6 14. Ng3 g6 15. Nh2 Bd7 16. f4 exf4 17. exf4 d4 18. Qf3 Qa5 19. f5 g5 20. Nh5 Nxh5 21. Qxh5 Bxh2+ 22. Kxh2 f6 23. Rf2 Re7 24. a3 Be8 25. Qf3 Bf7 26. b4 Qe5+ 27. Qg3 a5 28. Rc5 Qxg3+ 29. Kxg3 axb4 30. axb4 Re1 31. b5 Rxb1 32. bxc6 Rxb2 33. d3 Rb3 34. c7 Rxd3+ 35. Kh2 Rc8 0-1

[Event "Commonwealth-ch"]
[Site "Mumbai"]
[Date "2003.04.21"]
[Round "2"]
[White "Anuprita, Patil"]
[Black "Amit Kumar, Medda"]
[Result "0-1"]
[WhiteElo "2092"]
[BlackElo "2271"]
[PlyCount "109"]
[EventDate "2003.04.20"]
[EventType "swiss"]
[EventRounds "10"]
[EventCountry "IND"]
[SourceTitle "CBM 093 Extra"]
[Source "ChessBase"]
[SourceDate "2003.05.09"]
[SourceVersion "1"]
[SourceVersionDate "2003.05.09"]
[SourceQuality "1"]

1. d4 d5 2. Nf3 c5 3. c3 Nc6 4. Bf4 Bg4 5. e3 cxd4 6. exd4 Qb6 7. Qb3 Qxb3 8. axb3 Bxf3 9. gxf3 e6 10. b4 Nge7 11. b5 Nd8 12. Bc7 Kd7 13. b6 a6 14. b4 Nc8 15. Bb5+ Nc6 16. Ra5 Nd6 17. Ba4 Nc4 18. Bxc6+ Kxc6 19. b5+ Kd7 20. Ra4 Bd6 21. bxa6 Rxa6 22. Rxa6 bxa6 23. Nd2 Nxd2 24. Kxd2 Bxc7 25. bxc7 Kxc7 26. Ra1 Ra8 27. Ra5 Kb6 28. Rc5 Kb7 29. f4 Rc8 30. Ra5 Kb6 31. Ra1 Rc7 32. h4 h5 33. Rg1 g6 34. f3 Rb7 35. Ra1 Ka7 36. Kc2 Rb6 37. Ra5 Kb7 38. Ra3 Kc7 39. Ra2 Kd6 40. Ra5 Rc6 41. Kb3 Ke7 42. f5 gxf5 43. f4 Rb6+ 44. Kc2 Rb8 45. Rxa6 Rg8 46. Ra7+ Kf6 47. Ra6 Rg4 48. c4 dxc4 49. d5 Rxf4 50. Kc3 Ke7 51. d6+ Kd7 52. Kb4 Rd4 53. Kc5 Rd5+ 54. Kxc4 Rxd6 55. Ra7+ 0-1